The future of regulation of the affordable housing sector in England (Record no. 105518)

MARC details
000 -LEADER
fixed length control field 01401cam a2200241 4500
001 - CONTROL NUMBER
control field ##L134002
008 - FIXED-LENGTH DATA ELEMENTS--GENERAL INFORMATION
fixed length control field 060629n2006 000 0 eng u
035 ## - SYSTEM CONTROL NUMBER
System control number (Sirsi) u134002
041 0# - LANGUAGE CODE
Language code of text/sound track or separate title eng
050 04 - LIBRARY OF CONGRESS CALL NUMBER
Classification number 306.1 $2 18
100 1# - MAIN ENTRY--PERSONAL NAME
Personal name Zitron, Jeff
245 04 - TITLE STATEMENT
Title The future of regulation of the affordable housing sector in England
260 ## - PUBLICATION, DISTRIBUTION, ETC.
Place of publication, distribution, etc. Coventry
Name of publisher, distributor, etc. Chartered Institute of Housing
Date of publication, distribution, etc. 2006
520 ## - SUMMARY, ETC.
Summary, etc. Takes a first-principles look at the regulation of the non-public affordable housing sector in England. Suggests that the system for regulating affordable housing providers is under pressure from a number of challenges. Identifies and evaluates the feasibility of two options for reforming the regulatory system: a modernised registration system and an accreditation or licensing system. Concludes that the affordable housing sector is likely to change substantially over the next few years and that a review of regulation is timely with a view to reform.
590 ## - LOCAL NOTE (RLIN)
Local note IKA040706, KA
650 24 - SUBJECT ADDED ENTRY--TOPICAL TERM
Topical term or geographic name entry element Affordable housing
9 (RLIN) 6215
651 #4 - SUBJECT ADDED ENTRY--GEOGRAPHIC NAME
Geographic name England
Chronological subdivision 886-
690 ## - LOCAL SUBJECT ADDED ENTRY--TOPICAL TERM (OCLC, RLIN)
Topical term or geographic name as entry element PROPERTY-RESIDENTIAL PROPERTY-TENANTED RESIDENTIAL PROPERTY
710 2# - ADDED ENTRY--CORPORATE NAME
Corporate name or jurisdiction name as entry element Tribal Consulting
9 (RLIN) 4968
710 2# - ADDED ENTRY--CORPORATE NAME
Corporate name or jurisdiction name as entry element Cranfield University Centre for Competition and Regulation Research
9 (RLIN) 4969
856 40 - ELECTRONIC LOCATION AND ACCESS
Uniform Resource Identifier <a href="https://www.cih.org/policy/free-publications.htm">https://www.cih.org/policy/free-publications.htm</a>
Public note View the report free of charge at www.cih.org...
942 ## - ADDED ENTRY ELEMENTS (KOHA)
Suppress in OPAC 0
Holdings
Withdrawn status Lost status Source of classification or shelving scheme Damaged status Not for loan Home library Current library Shelving location Date acquired Total Checkouts Full call number Barcode Date last seen Copy number Price effective from Koha item type
    Dewey Decimal Classification     Virtual Virtual Online 29/06/2006   ONLINE PUBLICATION 134002-2001 06/08/2019 1 06/08/2019 Book